00442nam a2200157Ia 4500008004100000020001500041040001800056041000800074100002800082245005000110260004600160300001800206650001900224650002400243650001700267130821s2005 sp gr spa  a8420678503 aCo-BoUCMbspa00aspa1 aMarias, Juliánd1914-13aLa educación sentimentalcJulián Marías aMadrid (España)bAlianza Editoresc2005 a283 páginas04aAmorxHistoria04aEmocionesxHistoria04aPsicología